Empresas agropecuarias : medición y exposición contable /

Guardado en:
Autor Principal: Senderovich, Pablo David.
Formato: Libro
Idioma:Spanish
Publicado: Buenos Aires : Errepar, c2008.
Edición:1a. ed.
Series:Colección Biblioteca profesional y empresaria. Agropecuarios.
Materias:
Etiquetas: Agregar Etiqueta
Sin Etiquetas, Sea el primero en etiquetar este registro!
LEADER 00989nam a22002655a 4500
001 EAD.ead004373
008 191015s2008####ag#####g#b####000#0#spa#d
005 20191107152558.0
245 1 0 |a Empresas agropecuarias :  |b medición y exposición contable /  |c Pablo David Senderovich. 
250 |a 1a. ed. 
260 |a Buenos Aires :  |b Errepar,  |c c2008. 
300 |a xviii, 267 p. ;  |c 21 cm. 
490 1 |a Colección Biblioteca profesional y empresaria. Agropecuarios 
500 |a "RT 22 de la FACPCE, NIC 41 del IASC"--Portada. 
020 |a 9789870108498 
100 1 |a Senderovich, Pablo David. 
830 0 |a Colección Biblioteca profesional y empresaria.  |p Agropecuarios. 
082 0 4 |a 657.863  |2 21 
653 |a Contabilidad agrícola 
650 7 |a Ganado vacuno.  |2 unbist 
650 7 |a Ganado de cría.  |2 unbist 
650 7 |a Cultivo frutícolas.  |2 unbist 
650 7 |a Ovejas.  |2 unbist 
650 7 |a Estudios de casos.  |2 unbist 
859 |a AR-BaBDC  |b BIB. ADMINISTRACION - Libros  |h 657.863  |i Se55  |p b07037